|
|
|
|
| LEADER |
01965nam a2200325 a 4500 |
| 001 |
32183 |
| 003 |
BD-DhAAL |
| 005 |
20220410125939.0 |
| 008 |
171010s2014 bg a b 000 0 ben d |
| 999 |
|
|
|c 38388
|d 38388
|
| 020 |
|
|
|a 9844126290 (v. 4)
|
| 040 |
|
|
|a DLC
|c DLC
|d DLC
|d BD-DhAAL
|
| 082 |
0 |
0 |
|a 954.9205
|2 22
|
| 245 |
0 |
0 |
|a গণমাধ্যমে বাংলাদেশের মুক্তিযুদ্ধ, পঞ্চম খন্ড :
|b মুজিবনগর, মুক্তাঞ্চল ও অবরুদ্ধ বাংলাদেশ থেকে প্রকাশিত পত্রপত্রিকা /
|c সংকলন ও সম্পাদনা হাসিনা আহমেদ
|
| 246 |
3 |
1 |
|a Media and the liberation war of Bangladesh, volume 5
|
| 250 |
|
|
|a দ্বিতীয় মুদ্রণ
|
| 260 |
|
|
|a ঢাকা :
|b অনন্যা,
|c ২০১৪
|
| 300 |
|
|
|a ২৮৩ পৃষ্ঠা ;
|c ২৪ সে.মি.
|
| 362 |
O |
|
|a পঞ্চম খন্ড
|
| 504 |
|
|
|a গ্রন্থপুঞ্জিগত নির্দেশিকা ও ইনডেক্স অন্তর্ভূক্ত
|
| 541 |
1 |
|
|e 32183 & 32184
|
| 546 |
|
|
|a Bengali
|
| 650 |
|
0 |
|a India-Pakistan Conflict, 1971
|x Mass media and the conflict.
|9 22432
|
| 651 |
|
0 |
|a Bangladesh
|x History
|y Revolution, 1971
|9 22433
|
| 651 |
|
0 |
|a Bangladesh
|x History
|y Revolution, 1971
|x Mass media and the revolution.
|9 22434
|
| 700 |
1 |
|
|a আহমেদ, হাসিনা
|9 22435
|
| 852 |
4 |
|
|a Ayesha Abed Library
|j General Shelf
|
| 942 |
|
|
|2 ddc
|c BK
|
| 952 |
|
|
|0 0
|1 0
|2 ddc
|4 0
|6 954_920500000000000_GAN
|7 0
|9 61451
|a BRACUL
|b BRACUL
|c BNC
|d 2017-10-04
|e Development Book Agency
|g 425.00
|l 0
|o 954.9205 GAN
|p 3010032183
|r 2017-10-04
|t 1
|v 500.00
|w 2017-10-04
|y BK
|
| 952 |
|
|
|0 0
|1 0
|2 ddc
|4 0
|6 954_920500000000000_GAN
|7 0
|9 61452
|a BRACUL
|b BRACUL
|c BNC
|d 2017-10-04
|e Development Book Agency
|g 425.00
|l 0
|o 954.9205 GAN
|p 3010032184
|r 2017-10-04
|t 2
|v 500.00
|w 2017-10-04
|y BK
|